[Event "?"]
[Site "tt CUP Utrecht NED"]
[Date "1998.??.??"]
[Round "?"]
[White "Hoffmann, Michael"]
[Black "Glek, Igor V"]
[Result "0-1"]
[WhiteElo "2430"]
[BlackElo "2565"]

1. e4 c5 2. Nf3 e6 3. d4 cxd4 4. Nxd4 a6 5. Bd3 Bc5 6. Nb3 Be7 7. O-O d6 8.
Qg4 g6 9. Qg3 Nd7 10. Rd1 Qc7 11. c4 b6 12. Nc3 Bb7 13. f3 Ngf6 14. Bg5 h6
15. Be3 g5 16. Nd2 Rg8 17. b4 h5 18. Rac1 h4 19. Qe1 Rc8 20. Bf1 Qb8 21. a4
Kf8 22. Rc2 d5 23. exd5 exd5 24. cxd5 Bd6 25. Rdc1 Bxh2+ 26. Kh1 Re8 27.
Nde4 Nh5 28. d6 Bxd6 29. Qd2 Ng3+ 30. Kg1 Nxe4 31. Nxe4 Bxe4 32. fxe4 Ne5
33. Bxa6 Kg7 34. Rf1 Ng4 35. Bd4+ Kh6 36. Rxf7 Rxe4 37. Bd3 Qe8 38. Bxe4
Qxe4 39. Bb2 Rd8 0-1

[Event "?"]
[Site "Scaccomatto Open"]
[Date "2000.??.??"]
[Round "?"]
[White "Mrdja, Milan"]
[Black "Epishin, Vladimir V"]
[Result "1/2-1/2"]
[WhiteElo "2430"]
[BlackElo "2565"]

1. e4 c5 2. Nf3 e6 3. d4 cxd4 4. Nxd4 a6 5. Bd3 Bc5 6. Nb3 Be7 7. c4 d6 8.
Nc3 Nf6 9. O-O O-O 10. Be3 Nbd7 11. f4 b6 12. Qf3 Bb7 13. Rad1 Re8 14. Qh3
Qc7 15. g4 Nf8 16. g5 N6d7 17. Rf2 1/2-1/2

[Event "?"]
[Site "Open Novgorod RUS"]
[Date "1995.??.??"]
[Round "?"]
[White "Galkin, Alexander"]
[Black "Razuvaev, Yuri S"]
[Result "1/2-1/2"]
[WhiteElo "2415"]
[BlackElo "2580"]

1. e4 c5 2. Nf3 e6 3. d4 cxd4 4. Nxd4 a6 5. Bd3 Bc5 6. Nb3 Be7 7. c4 Nc6 8.
O-O Nf6 9. Nc3 d6 10. Be3 b6 11. Be2 Bb7 12. f4 O-O 13. Bf3 Nd7 14. Qe2 Nc5
15. Rfd1 Qc7 16. Rac1 Rac8 17. Qf2 Nb4 18. Nxc5 bxc5 19. g4 Nc6 20. Bg2 Nd4
21. Ne2 Nxe2+ 22. Qxe2 Bc6 23. g5 Qb7 24. f5 exf5 25. exf5 Rfd8 26. Bxc6
Qxc6 27. Qg2 1/2-1/2

[Event "?"]
[Site "Andorra Open, Andorra la Vella"]
[Date "2005.??.??"]
[Round "4"]
[White "Fluvia, Jordi"]
[Black "Postny, Evgeny"]
[Result "1/2-1/2"]
[WhiteElo "2440"]
[BlackElo "2555"]

1. e4 c5 2. Nf3 e6 3. d4 cxd4 4. Nxd4 a6 5. Bd3 Bc5 6. Nb3 Be7 7. O-O d6 8.
c4 b6 9. Nc3 Nf6 10. f4 Nbd7 11. Qe2 Bb7 12. Bd2 O-O 13. Rae1 Rc8 14. Kh1
g6 15. Nd4 e5 16. Nf3 Re8 17. Nd5 Bxd5 18. cxd5 b5 19. a4 bxa4 20. Bxa6 Rc2
21. Bb5 exf4 22. Qd1 Rxb2 23. Qxa4 Rf8 24. Bc3 Nc5 25. Qc4 Rc2 26. Nd4 Rxc3
27. Qxc3 Nfxe4 28. Qc2 Bf6 29. Nc6 Qb6 30. Bd3 Nxd3 31. Rxe4 Qb5 32. Rd1
Qxd5 33. Rd4 Bxd4 34. Ne7+ Kg7 35. Qxd3 Qc5 36. Qxd4+ Qxd4 37. Nf5+ gxf5
38. Rxd4 Re8 39. Kg1 Re6 40. Rxf4 Kg6 41. Rd4 h6 42. Kf2 Kf6 43. Rd5 Ke7
44. Ra5 Rg6 45. g3 Ke6 46. Ke3 h5 47. Ra8 h4 48. gxh4 Rh6 49. Ra4 Ke5 50.
Kf3 d5 51. Rb4 Rc6 52. h5 Rc3+ 53. Kg2 Rc4 54. Rb8 Rh4 55. Rh8 d4 56. h6
Kf6 57. Kg3 Rg4+ 58. Kf3 Kg6 59. Kf2 Re4 60. Kf3 Rh4 61. Kg3 Rg4+ 62. Kf2
Re4 63. Kf3 f6 64. h3 Re3+ 65. Kg2 f4 66. h4 Rg3+ 67. Kf2 d3 68. Rf8 Re3
69. Kg2 Re1 70. Rd8 Rd1 71. Kf3 Rf1+ 72. Kg2 Rd1 73. Kf3 Rh1 74. Kxf4 Rh3
75. Kg4 Re3 76. Kf4 1/2-1/2

[Event "?"]
[Site "ESP Team Ch Div"]
[Date "2001.??.??"]
[Round "?"]
[White "Milos, Gilberto"]
[Black "Vidarte Morales, Arturo"]
[Result "1-0"]
[WhiteElo "2610"]
[BlackElo "2380"]

1. e4 c5 2. Nf3 e6 3. d4 cxd4 4. Nxd4 a6 5. Bd3 Bc5 6. Nb3 Be7 7. O-O d6 8.
Qg4 Bf6 9. N1d2 Ne7 10. Qg3 O-O 11. Nc4 Nbc6 12. Qxd6 b5 13. Qxd8 Rxd8 14.
Nca5 Nb4 15. Rd1 Bd7 16. a3 Nxd3 17. cxd3 Nc6 18. d4 b4 19. Nb7 Rdb8 20.
N7c5 bxa3 21. bxa3 Be8 22. Be3 a5 23. a4 Rb4 24. Rac1 h6 25. Rd3 Rbb8 26.
Rcd1 Nb4 27. R3d2 Na6 28. d5 Nxc5 29. Nxc5 exd5 30. exd5 Bc3 31. Ra2 Bb4
32. Nd3 f6 33. Bf4 Rd8 34. Nxb4 axb4 35. Bc7 Rxa4 36. Re2 Bb5 37. Ree1 Rd7
38. d6 b3 39. Re8+ Kf7 40. Rb8 Bd3 41. h3 Bc2 42. Rd5 Re4 43. f3 Re5 44.
Rd4 Re8 45. Rdb4 g5 46. Kf2 Rxb8 47. Rxb8 h5 48. Ke3 Ke6 49. Rb6 Kd5 50.
Kd2 h4 51. Kc3 Ke5 52. Kc4 Ke6 53. Kc5 Rf7 54. Rb8 Rh7 55. Kc6 Rf7 56. Ba5
b2 57. Rxb2 Ba4+ 58. Kc5 Bd7 59. Rc2 Kf5 60. Bd2 Kg6 61. Rc1 Kf5 62. Kb6
Kg6 63. Rc7 Bf5 64. Rxf7 1-0

[Event "?"]
[Site "Valby"]
[Date "1994.??.??"]
[Round "?"]
[White "Sax, Gyula"]
[Black "Mortensen, Erling"]
[Result "1/2-1/2"]
[WhiteElo "2520"]
[BlackElo "2470"]

1. e4 c5 2. Nf3 e6 3. d4 cxd4 4. Nxd4 a6 5. Bd3 Bc5 6. Nb3 Be7 7. O-O d6 8.
c4 Nc6 9. Nc3 Nf6 10. Be2 O-O 11. Be3 b6 12. f4 Nd7 13. Rc1 Bb7 14. Bd3 Nc5
15. Bb1 Bf6 16. Qd2 Qc7 17. Rfd1 Rfd8 18. Qf2 Rd7 19. Nd2 Rc8 20. a3 a5 21.
Nf3 1/2-1/2

[Event "?"]
[Site "Karsten Open"]
[Date "1997.??.??"]
[Round "?"]
[White "Aagaard, Jacob"]
[Black "Kveinys, Aloyzas"]
[Result "0-1"]
[WhiteElo "2435"]
[BlackElo "2555"]

1. e4 c5 2. Nf3 e6 3. d4 cxd4 4. Nxd4 a6 5. Bd3 Bc5 6. Nb3 Be7 7. O-O d6 8.
a4 Nf6 9. Nc3 b6 10. f4 Nbd7 11. Qe2 Qc7 12. Kh1 Bb7 13. Bd2 O-O 14. Rae1
e5 15. Rf2 Rfe8 16. Ref1 Bf8 17. fxe5 Nxe5 18. Bg5 Nfg4 19. Rf4 f6 20. Bh4
Nxd3 21. cxd3 Ne5 22. Bg3 Qf7 23. Nd2 b5 24. axb5 axb5 25. d4 b4 26. Nb5
Ba6 27. dxe5 dxe5 28. Rf5 Qd7 29. Qf2 Bxb5 30. Re1 0-1

[Event "?"]
[Site "Open Metz FRA"]
[Date "2003.??.??"]
[Round "?"]
[White "Wohl, Aleksandar H"]
[Black "Agrest, Evgenij"]
[Result "0-1"]
[WhiteElo "2400"]
[BlackElo "2590"]

1. e4 c5 2. Nf3 e6 3. d4 cxd4 4. Nxd4 a6 5. Bd3 Bc5 6. Nb3 Be7 7. c4 d6 8.
Nc3 b6 9. O-O Nf6 10. f4 Nbd7 11. Qf3 Bb7 12. Be3 h5 13. Rad1 Qc7 14. h3 h4
15. Nd2 g5 16. fxg5 Nc5 17. Qf2 Nxd3 18. Qe2 Nxb2 19. Rb1 Nh5 20. Qf3 Nxc4
21. Qxf7+ Kd7 22. Nxc4 Qxc4 23. Rxb6 Bc6 24. Rxc6 Qxc6 25. Nd5 exd5 26.
exd5 Qb5 27. a4 Qb3 28. Re1 Rhe8 29. Bd4 Qb4 30. Bf2 Ng3 31. g6 Qb2 32.
Qe6+ Kc7 33. g7 Rad8 34. Qe3 Bg5 35. Qxg5 Rxe1+ 36. Bxe1 Re8 37. Bxg3 hxg3
38. Qxg3 Rg8 39. Kh2 0-1

[Event "?"]
[Site "5th Open, Marseille FRA"]
[Date "2004.??.??"]
[Round "8"]
[White "Gouliev, Namig"]
[Black "Malakhatko, Vadim"]
[Result "1-0"]
[WhiteElo "2445"]
[BlackElo "2540"]

1. e4 c5 2. Nf3 e6 3. d4 cxd4 4. Nxd4 a6 5. Bd3 Bc5 6. Nb3 Be7 7. Qg4 g6 8.
Qe2 d6 9. c4 Qc7 10. O-O Nd7 11. Nc3 b6 12. Be3 Bb7 13. Rac1 Ngf6 14. f4
O-O 15. Kh1 Rfe8 16. Nd2 Rac8 17. Rce1 Qb8 18. Bd4 Ba8 19. e5 Nh5 20. Qg4
dxe5 21. fxe5 Bc5 22. Nf3 Bxd4 23. Qxd4 Rcd8 24. Be4 Nc5 25. Qe3 Nxe4 26.
Nxe4 Bxe4 27. Qxe4 Qc7 28. Ng5 Rd7 29. Qf3 h6 30. Ne4 Qxe5 31. g4 f5 32.
Nf2 fxg4 33. Nxg4 Qg7 34. Ne5 Rc7 35. Nxg6 Kh7 36. Nf8+ Rxf8 37. Qxf8 Qxf8
38. Rxf8 Ng7 39. Rg1 h5 40. b4 Rd7 41. c5 bxc5 42. bxc5 Rc7 43. Rc1 Nf5 44.
c6 Kg6 45. Rd8 Ne7 46. Rd7 1-0

[Event "6. Amplico AIG Life"]
[Site "Warsaw POL"]
[Date "2006.12.17"]
[Round "9"]
[White "Warakomski, Tomasz"]
[Black "Zubov, Alexander UKR"]
[Result "1/2-1/2"]
[WhiteElo "2446"]
[BlackElo "2537"]

1. e4 c5 2. Nf3 e6 3. d4 cxd4 4. Nxd4 a6 5. Bd3 Bc5 6. Nb3 Be7 7. Qg4 g6 8.
Qe2 d6 9. O-O Nd7 10. Kh1 Qc7 11. a4 b6 12. Na3 Bb7 13. Nc4 Ngf6 14. Bh6
Bf8 15. Bxf8 Kxf8 16. f4 e5 17. Qe3 Kg7 18. Nbd2 Nh5 19. fxe5 dxe5 20. Nf3
f6 21. Rfd1 Rad8 22. b4 Nf4 23. Bf1 Ba8 24. Rd2 Bc6 25. Nd6 a5 26. c3 Nb8
27. Nb5 Qb7 28. Rad1 Rxd2 29. Rxd2 Nd7 30. Rd6 Bxe4 31. Rxd7+ Qxd7 32. Qxe4
axb4 33. cxb4 Rc8 34. Nxe5 Qe7 35. Qxf4 fxe5 36. Qe3 Rf8 37. Kg1 Rf4 38.
Nc3 Qxb4 39. Qxe5+ Kh6 40. Qe3 Kg7 41. Nd5 Rxf1+ 42. Kxf1 Qc4+ 43. Kf2 Qxd5
44. Qxb6 Qa2+ 45. Kg1 1/2-1/2

[Event "?"]
[Site "(championnat)"]
[Date "2003.??.??"]
[Round "?"]
[White "Lindberg, Bengt"]
[Black "Agrest, Evgenij"]
[Result "1/2-1/2"]
[WhiteElo "2390"]
[BlackElo "2590"]

1. e4 c5 2. Nf3 e6 3. d4 cxd4 4. Nxd4 a6 5. Bd3 Bc5 6. Nb3 Be7 7. O-O d6 8.
c4 b6 9. Nc3 Bf6 10. Bf4 Bxc3 11. bxc3 e5 12. Be3 Nf6 13. f4 Nbd7 14. fxe5
Nxe5 15. Bg5 h6 16. Bxf6 gxf6 17. Be2 Rg8 18. Nd4 Rg6 19. Kh1 Qc7 20. Rf4
Bb7 21. Nf5 O-O-O 22. Qd4 Kb8 23. Raf1 Nc6 24. Qe3 Re8 25. Qd2 Ne7 26. Bh5
Nxf5 27. Bxg6 fxg6 28. exf5 gxf5 29. Rxf5 Rg8 30. R1f2 Ka7 31. R5f4 Qc5 32.
Rxf6 Qe5 33. Rf7 Qe4 34. Qd5 Qe1+ 35. Rf1 Qxf1+ 36. Rxf1 Bxd5 37. cxd5 Rc8
38. h4 Rc4 39. Rf7+ Kb8 40. g3 Rxc3 41. Kh2 Rc2+ 42. Kh3 Rxa2 43. Rh7 a5
44. Rxh6 a4 45. Rxd6 Rb2 46. Re6 a3 47. Re1 a2 48. Ra1 b5 49. h5 Rf2 50. h6
Rf6 51. Rxa2 Rxh6+ 52. Kg4 Kc7 53. Kg5 Rb6 54. Kf5 Kd6 55. g4 1/2-1/2

[Event "?"]
[Site "Elgoibar ESP"]
[Date "1997.??.??"]
[Round "?"]
[White "Vallejo Pons, Francisco"]
[Black "Korneev, Oleg"]
[Result "1/2-1/2"]
[WhiteElo "2415"]
[BlackElo "2565"]

1. e4 c5 2. Ne2 e6 3. d4 cxd4 4. Nxd4 a6 5. Bd3 Bc5 6. Nb3 Be7 7. c4 d6 8.
Nc3 Nf6 9. O-O O-O 10. Be3 b6 11. f4 Nbd7 12. Qf3 Bb7 13. Qh3 Re8 14. Rad1
Qc8 15. g4 g6 16. g5 Nh5 17. Qf3 Bf8 18. Qf2 Qc7 19. Be2 Ng7 20. Nd4 Nc5
21. Bf3 e5 22. Nde2 Rab8 23. f5 a5 24. Bg2 Nh5 25. Nd5 Bxd5 26. cxd5 Qd7
27. b3 Rb7 28. Ng3 Nxg3 29. hxg3 Rc7 30. Qe2 Bg7 31. Kh2 f6 32. gxf6 Bxf6
33. fxg6 Qg7 34. gxh7+ Kh8 35. Rf5 Qg6 36. Qf3 Rxh7+ 37. Kg1 Be7 38. Bf2
Rg8 39. a3 Nd7 40. Kf1 Nf6 41. Ke2 b5 42. Rh1 Rxh1 43. Bxh1 a4 44. Be1 Qh6
45. bxa4 Rc8 46. axb5 Rc2+ 47. Kd3 Ra2 48. Rxf6 Bxf6 49. Bb4 Be7 50. Qd1
Qh2 51. b6 Qf2 52. Qh5+ Kg7 53. Qg4+ Kh6 54. Qh3+ Kg7 55. Qg4+ Kh8 56. Qh3+
1/2-1/2

[Event "?"]
[Site "SUI Team Ch"]
[Date "2002.??.??"]
[Round "?"]
[White "Jenni, Florian"]
[Black "Prusikhin, Mihailo"]
[Result "1-0"]
[WhiteElo "2480"]
[BlackElo "2500"]

1. e4 c5 2. Nf3 e6 3. d4 cxd4 4. Nxd4 Qb6 5. Nc3 Bc5 6. Be3 Nc6 7. Ncb5 Nf6
8. Nxc6 Bxe3 9. fxe3 Qxe3+ 10. Qe2 Qxe2+ 11. Bxe2 bxc6 12. Nc7+ Kd8 13.
Nxa8 e5 14. O-O-O Bb7 15. Bc4 Bxa8 16. Bxf7 Ke7 17. Bc4 Rb8 18. Rhe1 Rb4
19. Bd3 c5 20. c3 Rb6 21. Re3 d6 22. Rde1 Bc6 23. Bc4 Be8 24. Bd5 Ra6 25.
c4 Rxa2 26. Ra3 Rxa3 27. bxa3 Nd7 28. Kd2 Nb6 29. Re3 h6 30. Rg3 Kf6 31. h4
h5 32. Rb3 Ke7 33. Kd3 Kf6 34. Rb2 Ke7 35. Rf2 g6 36. g3 Na4 37. Bb7 Nb6
38. Ba6 Bf7 39. Rc2 Be6 40. Bb5 Kd8 41. Rb2 Bh3 42. Rf2 Ke7 43. Bc6 Be6 44.
Bd5 Nxd5 45. cxd5 Bd7 46. Rb2 a5 47. Rb8 a4 48. Kc4 Be8 49. Ra8 Bd7 50. Rh8
Be8 51. Rh7+ Bf7 52. Rh8 Be8 53. Kd3 Bf7 54. Kc3 Be8 55. Kc4 Kd8 56. Rh7
Bd7 57. Rf7 Be8 58. Rg7 Kc8 59. Kd3 Kd8 60. Ke3 Kc8 61. Kf3 Kd8 62. g4
hxg4+ 63. Kxg4 Kc8 64. Re7 Kd8 65. Rb7 Kc8 66. Rb2 1-0

[Event "?"]
[Site "Open Rowy POL"]
[Date "1999.??.??"]
[Round "?"]
[White "Brodsky, Michail"]
[Black "Staniszewski, Piotr"]
[Result "1-0"]
[WhiteElo "2530"]
[BlackElo "2450"]

1. e4 c5 2. Nf3 e6 3. d4 cxd4 4. Nxd4 Qb6 5. Nb5 Bc5 6. Be3 Bxe3 7. fxe3
Qxe3+ 8. Be2 Na6 9. N1c3 Nh6 10. Nd6+ Ke7 11. Nc4 Qc5 12. a3 b5 13. b4 Qc6
14. Qd4 f6 15. Na5 Qb6 16. Nxb5 Qxd4 17. Nxd4 Nf7 18. c4 d6 19. Rc1 Ne5 20.
Ndc6+ Nxc6 21. Nxc6+ Kf7 22. Rd1 Nb8 23. Rxd6 Nxc6 24. Rxc6 Bd7 25. Rc7 Ke7
26. Kf2 Rhc8 27. Rxc8 Rxc8 28. c5 Bc6 29. Ke3 Rb8 30. Rd1 f5 31. exf5 exf5
32. g3 a5 33. b5 1-0

[Event "?"]
[Site "FS02 GM Budapest HUN"]
[Date "1998.??.??"]
[Round "?"]
[White "Borocz, Istvan"]
[Black "Glek, Igor V"]
[Result "0-1"]
[WhiteElo "2430"]
[BlackElo "2550"]

1. e4 c5 2. Nf3 e6 3. d4 cxd4 4. Nxd4 a6 5. Bd3 Bc5 6. Nb3 Be7 7. O-O d6 8.
c4 Nf6 9. Nc3 Nc6 10. Qe2 Ne5 11. Rd1 Qc7 12. Bf4 b6 13. Rac1 O-O 14. Nd2
Bb7 15. Bb1 Rac8 16. b3 Nfd7 17. Nf1 Rfd8 18. Qh5 Ng6 19. Be3 Bf6 20. Ng3
b5 21. Nce2 bxc4 22. Rxc4 Qb8 23. Rxc8 Rxc8 24. Qa5 Nge5 25. Qd2 Be7 26.
Bd4 Qa8 27. Bb2 d5 28. f4 Bc5+ 29. Bd4 Bxd4+ 30. Nxd4 Nc6 31. e5 Nxd4 32.
Qxd4 g6 33. f5 Qb8 34. fxe6 fxe6 35. Re1 Qc7 36. Qg4 Qb6+ 37. Kh1 Nxe5 38.
Qg5 Qd6 39. Nh5 Nf7 40. Qf6 Qe5 41. Qxe5 Nxe5 42. Nf6+ Kg7 43. Ne8+ Rxe8
0-1

[Event "?"]
[Site "BL0102 Luebeck-Godesberg"]
[Date "2001.??.??"]
[Round "?"]
[White "Langheinrich, Ferenc"]
[Black "Jepischin, Wladimir"]
[Result "0-1"]
[WhiteElo "2395"]
[BlackElo "2580"]

1. e4 c5 2. Nf3 e6 3. d4 cxd4 4. Nxd4 a6 5. Bd3 Bc5 6. Nb3 Be7 7. O-O d6 8.
c4 Nf6 9. Nc3 Nc6 10. Qe2 O-O 11. f4 b6 12. Rf3 g6 13. Bd2 Bb7 14. Raf1 Re8
15. Kh1 Rc8 16. e5 Nh5 17. Rh3 Ng7 18. Bb1 Rf8 19. exd6 Qxd6 20. Ne4 Qc7
21. Bc3 f5 22. Ng5 Bxg5 23. fxg5 e5 24. c5 b5 25. a3 Rce8 26. Ba2 Rf7 27.
Nd2 Ne6 28. Nf3 Nf4 29. Nxe5 Nxh3 30. Rd1 Nxg5 0-1

[Event "?"]
[Site "Open Seefeld"]
[Date "2000.??.??"]
[Round "?"]
[White "Womacka, Mathias"]
[Black "Rotstein, Arkadij"]
[Result "1/2-1/2"]
[WhiteElo "2485"]
[BlackElo "2490"]

1. e4 c5 2. Nf3 e6 3. d4 cxd4 4. Nxd4 a6 5. Bd3 Bc5 6. Nb3 Be7 7. O-O d6 8.
f4 Nc6 9. Nc3 Nf6 10. Qf3 O-O 11. Kh1 Qc7 12. Bd2 b5 13. Rae1 b4 14. Nd1
Bb7 15. Qh3 Rad8 16. Nf2 e5 17. fxe5 dxe5 18. Ng4 Nxg4 19. Qxg4 Rd6 20. Qh5
Rg6 21. Be3 Nd8 22. Nd2 Bc8 23. Nf3 Bf6 24. h3 Qe7 25. b3 Re8 26. Nd2 Bg5
27. Nc4 Bxe3 28. Nxe3 Rh6 29. Qf3 Be6 30. Rd1 Nc6 31. Qg3 Rg6 32. Qf2 Nd4
33. Bxa6 Bxh3 34. gxh3 Rxa6 35. Nd5 Qd7 36. Rd3 Rh6 37. Kh2 Ree6 38. Nxb4
Ref6 39. Qg2 Rfg6 40. Qf2 Rf6 41. Qg2 Rhg6 42. Qh1 Rd6 43. c3 Ne2 44. Rxd6
Rxd6 45. Qf3 Nf4 46. Nd5 Nxd5 47. exd5 Rxd5 48. c4 e4 49. Qxe4 Rd2+ 50. Kg3
Qd6+ 51. Qf4 Qg6+ 52. Qg4 Qc6 53. Qf3 Qe8 54. Rf2 Qe5+ 55. Kg2 Qg5+ 56. Qg4
Rxf2+ 57. Kxf2 Qd2+ 58. Qe2 Qd4+ 59. Kg2 g6 60. a4 Qc3 61. Qf3 Qd2+ 62. Kg3
Qg5+ 63. Kf2 Qd2+ 64. Qe2 Qf4+ 65. Kg2 h5 66. Qd3 h4 67. b4 Qg5+ 68. Kf2
Qf4+ 69. Ke2 Qh2+ 70. Kd1 Qg1+ 71. Kc2 Qg2+ 72. Kb3 Qg3 73. Qc3 g5 74. a5
g4 75. a6 1/2-1/2

[Event "?"]
[Site "Rep. Tcheque (championnat equi"]
[Date "2004.??.??"]
[Round "?"]
[White "Rasik, Vitezslav"]
[Black "Votava, Jan"]
[Result "1/2-1/2"]
[WhiteElo "2470"]
[BlackElo "2505"]

1. e4 c5 2. Nf3 e6 3. d4 cxd4 4. Nxd4 a6 5. Bd3 Bc5 6. Nb3 Be7 7. Qg4 g6 8.
Qe2 d6 9. Be3 Nf6 10. N1d2 Nc6 11. c3 e5 12. f3 Be6 13. O-O O-O 14. c4 Nh5
15. g3 Ng7 16. Rad1 Bh3 17. Rfe1 Ne6 18. Qf2 Nb4 19. Bb1 b5 20. c5 dxc5 21.
Nxc5 Nxc5 22. Bxc5 Be6 23. a3 Bxc5 24. Qxc5 Nd3 25. Bxd3 Qxd3 26. Qxe5 Rfd8
27. Qc3 Rac8 28. Qxd3 Rxd3 29. Nf1 Rxf3 30. Ne3 Bh3 31. Rd2 Kg7 32. Ng2 Rc4
33. e5 g5 34. Rde2 Kg6 35. Rf1 Rxf1+ 36. Kxf1 Rc1+ 37. Kf2 Rh1 38. Kf3 Bc8
39. Rd2 Bb7+ 40. Ke3 Rg1 41. Rd7 Bxg2 42. Kf2 Rb1 43. Kxg2 Rxb2+ 44. Kf3
Rb3+ 45. Ke4 Rxa3 46. Rd6+ Kg7 47. Rb6 Ra2 48. Kf5 h6 49. h4 gxh4 50. gxh4
Rf2+ 51. Ke4 Rh2 52. Rxa6 Rxh4+ 53. Kf5 Rh5+ 54. Kf4 Rh1 55. Rb6 Rf1+ 56.
Kg4 Rg1+ 57. Kf4 Rf1+ 58. Kg4 Rb1 59. Rb7 Kg6 60. Rb6+ Kg7 61. Rb7 Kf8 62.
Kf5 b4 63. Rb8+ Kg7 64. Rb7 Kg8 65. Rb8+ Kg7 66. Rb7 Kf8 67. Rb8+ Ke7 68.
Rb7+ Ke8 69. Kf6 b3 70. Rb8+ Kd7 71. Kxf7 Kc7 72. Rb4 b2 73. Ke7 h5 74. e6
Kc6 75. Rc4+ Kd5 76. Rc2 h4 77. Kd7 Ra1 78. Rd2+ Ke5 79. Re2+ Kd5 80. Rd2+
Ke5 1/2-1/2

[Event "?"]
[Site "Bundesliga 2004-5 ;The Week in"]
[Date "2005.??.??"]
[Round "8"]
[White "Heinemann, Thies"]
[Black "Schmaltz, Roland"]
[Result "0-1"]
[WhiteElo "2450"]
[BlackElo "2525"]

1. e4 c5 2. Nf3 e6 3. d4 cxd4 4. Nxd4 a6 5. Bd3 Bc5 6. Nb3 Be7 7. c4 d6 8.
O-O Nf6 9. Nc3 b6 10. a4 Nc6 11. Be3 O-O 12. Nd4 Ne5 13. Be2 Bb7 14. f3 Qc7
15. b3 Rfe8 16. Qd2 Rac8 17. Rfc1 Bd8 18. Nd1 Qb8 19. Nf2 Ng6 20. b4 Bc7
21. h3 d5 22. exd5 exd5 23. c5 Bh2+ 24. Kf1 Nh5 25. Nd3 Nh4 26. c6 Ba8 27.
Bf2 Ng3+ 28. Bxg3 Qxg3 29. Bd1 Qg6 30. b5 Bg3 31. Bc2 Qf6 32. Nb4 Re5 33.
Qd3 g6 34. Ne2 Nf5 35. Bb3 Qg5 36. Nc2 Rce8 37. Ned4 Nh4 38. Rd1 Nxg2 39.
Kxg2 Bf4+ 40. Kh1 Qg3 41. Rd2 Qxh3+ 42. Kg1 Rg5+ 0-1

[Event "?"]
[Site "rapid Garmisch"]
[Date "1994.??.??"]
[Round "?"]
[White "Landenbergue, Claude"]
[Black "Bischoff, Klaus"]
[Result "1/2-1/2"]
[WhiteElo "2450"]
[BlackElo "2525"]

1. e4 c5 2. Nf3 e6 3. d4 cxd4 4. Nxd4 a6 5. Bd3 Bc5 6. Nb3 Be7 7. Nc3 d6 8.
O-O Nf6 9. f4 Nbd7 10. Qf3 Qc7 11. Bd2 b5 12. Rae1 Bb7 13. a3 O-O 14. Qh3
Rad8 15. Kh1 g6 16. f5 gxf5 17. exf5 e5 18. Ne2 Kh8 19. Ba5 Qb8 20. Bxd8
Bxd8 21. Ng3 Rg8 22. c3 d5 23. Be2 Bc7 24. Bf3 Qf8 25. Nh5 Nxh5 26. Qxh5
Qg7 27. Qh3 Bd6 28. Rd1 Nf6 29. Na1 Qg5 30. Nc2 a5 31. Rde1 Bc6 32. Ne3 Bc5
33. Nc2 Bd6 34. Ne3 Bc5 35. Nc2 1/2-1/2

[Event "?"]
[Site "ch-BLR, Minsk BLR"]
[Date "2006.??.??"]
[Round "11"]
[White "Kasparov, Sergey"]
[Black "Lutsko, Igor"]
[Result "1/2-1/2"]
[WhiteElo "2490"]
[BlackElo "2485"]

1. e4 c5 2. Nf3 e6 3. d4 cxd4 4. Nxd4 a6 5. Bd3 Bc5 6. Nb3 Be7 7. c4 d6 8.
Nc3 Nd7 9. O-O Ngf6 10. Nd4 Qc7 11. Qd2 b6 12. b3 Bb7 13. Bb2 Nc5 14. Rae1
Nxd3 15. Qxd3 O-O 16. Kh1 Nd7 17. Qg3 Bf6 18. Rd1 g6 19. Nde2 Be5 20. f4
Bg7 21. f5 Be5 22. Qh3 Rae8 23. Nf4 Nf6 24. fxe6 Qc8 25. exf7+ Rxf7 26.
Qxc8 Rxc8 27. Nd3 Bxc3 28. Bxc3 Nxe4 29. Bd4 b5 30. Nb2 Rxf1+ 31. Rxf1 Re8
32. Rd1 Nc5 33. Bxc5 dxc5 34. Kg1 Bxg2 35. Kxg2 Re2+ 36. Kg3 Rxb2 37. cxb5
axb5 38. Rc1 c4 39. bxc4 bxc4 40. Rxc4 1/2-1/2

[Event "?"]
[Site "TCh-FIN"]
[Date "2005.??.??"]
[Round "2"]
[White "Holmsten, Aleksei"]
[Black "Kulaots, Kaido"]
[Result "0-1"]
[WhiteElo "2400"]
[BlackElo "2570"]

1. e4 c5 2. Nf3 e6 3. d4 cxd4 4. Nxd4 a6 5. Bd3 Bc5 6. Nb3 Be7 7. O-O d6 8.
f4 Nf6 9. c4 Nbd7 10. Nc3 b6 11. Be3 Bb7 12. Qf3 O-O 13. Qh3 Re8 14. Rad1
Qc7 15. g4 g6 16. g5 Nh5 17. Nd4 Nc5 18. Bc2 Bf8 19. Rd2 Bg7 20. Nde2 Rad8
21. Rfd1 Ba8 22. b4 Nd7 23. Bb3 Bf8 24. a3 Bc6 25. Ng3 Ng7 26. Bf2 Bb7 27.
Rd3 Ba8 28. Qf1 f5 29. gxf6 Nxf6 30. Qe2 Kh8 31. Bd4 Be7 32. Na4 Nd7 33.
Qe3 b5 34. cxb5 axb5 35. Nb6 e5 36. Nxa8 Rxa8 37. fxe5 dxe5 38. Bb2 Nf6 39.
Rc1 Qb8 40. Bd5 Ra6 41. Rdc3 Bd8 42. Kg2 Bb6 43. Qe2 Bd4 44. Rc6 Nfh5 45.
Nxh5 Nxh5 46. Rf1 Rxc6 47. Bxc6 Rc8 48. Bd5 0-1

[Event "?"]
[Site "Bundesliga GER"]
[Date "2002.??.??"]
[Round "?"]
[White "Dutreeuw, Marc"]
[Black "Epishin, Vladimir V"]
[Result "0-1"]
[WhiteElo "2390"]
[BlackElo "2580"]

1. e4 c5 2. Nf3 e6 3. d4 cxd4 4. Nxd4 a6 5. Bd3 Bc5 6. Nb3 Be7 7. Qg4 g6 8.
Qg3 d6 9. O-O Nd7 10. c3 Ngf6 11. Rd1 Nh5 12. Qh3 e5 13. Bf1 O-O 14. Bh6
Ng7 15. N1d2 Nf6 16. Qd3 Ng4 17. Bxg7 Kxg7 18. Nc4 f5 19. f3 fxe4 20. Qxe4
Rf4 21. Qc2 Rxc4 22. fxg4 Rxg4 23. g3 h5 24. Bh3 Rg5 25. Bxc8 Rxc8 26. Rf1
Qb6+ 27. Kh1 Qc6+ 28. Qg2 h4 29. Qxc6 bxc6 30. gxh4 Rg4 31. Rg1 Rxh4 32.
Rg2 d5 33. Rag1 g5 34. Rg4 Rch8 35. R1g2 Kf7 36. c4 Bf6 37. Na5 d4 38. Nxc6
e4 39. Nxd4 Bxd4 40. Rxg5 Rf4 0-1

[Event "?"]
[Site "TCh-NED"]
[Date "2006.??.??"]
[Round "6"]
[White "Klovans, Janis"]
[Black "Chuchelov, Vladimir"]
[Result "1-0"]
[WhiteElo "2440"]
[BlackElo "2530"]

1. e4 c5 2. Nf3 e6 3. d4 cxd4 4. Nxd4 a6 5. Bd3 Bc5 6. Nb3 Be7 7. O-O d6 8.
Qg4 g6 9. Qe2 Nd7 10. c4 Qc7 11. Nc3 b6 12. a4 Ngf6 13. a5 O-O 14. axb6
Qxb6 15. Na5 Rb8 16. b4 Ne5 17. Be3 Qc7 18. b5 axb5 19. Nxb5 Qd7 20. Rfd1
Ba6 21. Rab1 Bd8 22. Bd2 Bb6 23. Be1 Rfc8 24. h3 Qd8 25. Nb3 Nh5 26. Qd2 d5
27. exd5 exd5 28. Qh6 Qe7 29. N3d4 Nxd3 30. Rxd3 Bxd4 31. Rxd4 Rxc4 32.
Rxc4 dxc4 33. Bb4 Qd7 34. Nc3 Qe6 35. Rb2 Bc8 36. Qd2 Qd7 37. Qe1 Bb7 38.
Rd2 Qc6 39. f3 Re8 40. Qf2 Nf4 41. Rd6 Qc7 42. Qd4 Ne2+ 43. Nxe2 Qe7 44.
Bc3 f6 45. Rxf6 Qxe2 46. Rxg6+ 1-0

[Event "?"]
[Site "TCh-Serbia, Zlatibor SCG"]
[Date "2006.??.??"]
[Round "1"]
[White "Marinkovic, Slavisa"]
[Black "Markus, Robert"]
[Result "1/2-1/2"]
[WhiteElo "2385"]
[BlackElo "2585"]

1. e4 c5 2. Nf3 e6 3. d4 cxd4 4. Nxd4 a6 5. Bd3 Bc5 6. Nb3 Be7 7. Qe2 d6 8.
f4 Nf6 9. Be3 Nc6 10. Nc3 Nb4 11. O-O-O Nxd3+ 12. Rxd3 Qc7 13. g4 h6 14.
Rg1 b5 15. Bd4 e5 16. g5 hxg5 17. fxg5 exd4 18. gxf6 dxc3 19. fxe7 cxb2+
20. Kb1 Qxe7 21. Rxg7 Qe5 22. Rdg3 Be6 23. R7g5 Qf6 24. Qd2 Bxb3 1/2-1/2

[Event "?"]
[Site "Wch U20 Athens GRE"]
[Date "2001.??.??"]
[Round "?"]
[White "Shaposhnikov, Evgeny"]
[Black "Sedlak, Nikola"]
[Result "1/2-1/2"]
[WhiteElo "2515"]
[BlackElo "2455"]

1. e4 c5 2. Nf3 e6 3. d4 cxd4 4. Nxd4 Bc5 5. Nc3 Qb6 6. Be3 Nc6 7. Ncb5
Nxd4 8. Bxd4 Bxd4 9. Qxd4 Qxd4 10. Nxd4 a6 11. O-O-O Nf6 12. f3 d6 13. Be2
Ke7 14. Rd2 e5 15. Nb3 a5 16. Rhd1 a4 17. Na1 Rd8 18. c4 Be6 19. Nc2 Rac8
20. Kb1 g6 21. Na3 Ne8 22. Rc1 Bd7 23. Rdc2 b6 24. Rc3 Ng7 25. Nc2 Ne6 26.
Ne3 Bc6 27. Nd1 Nc5 1/2-1/2

[Event "?"]
[Site "Politiken Cup, Copenhagen DEN"]
[Date "2005.??.??"]
[Round "9"]
[White "Kargin, Arseny"]
[Black "Hansen, Sune Berg"]
[Result "0-1"]
[WhiteElo "2405"]
[BlackElo "2565"]

1. e4 c5 2. Nf3 e6 3. d4 cxd4 4. Nxd4 a6 5. Bd3 Bc5 6. Nb3 Be7 7. Qg4 g6 8.
Qe2 d6 9. O-O Nd7 10. a4 b6 11. Nc3 Qc7 12. h3 Bb7 13. Bd2 h5 14. f4 Ngf6
15. Rae1 h4 16. Rf3 Nh5 17. Qd1 g5 18. Ne2 Rg8 19. a5 b5 20. Ned4 Nxf4 21.
Bxb5 axb5 22. Nxb5 Qb8 23. Bxf4 gxf4 24. Rxf4 Ne5 25. Qh5 Ba6 26. N5d4 Qa7
27. Kh1 O-O-O 28. Re3 Rg3 29. Rxg3 hxg3 30. Qd1 Bg5 0-1

[Event "?"]
[Site "RUS-Cup1 Chigorin Memorial"]
[Date "1996.??.??"]
[Round "?"]
[White "Kuzmin, Gennadi P"]
[Black "Galkin, Alexander"]
[Result "1/2-1/2"]
[WhiteElo "2540"]
[BlackElo "2425"]

1. e4 c5 2. Nf3 e6 3. d4 cxd4 4. Nxd4 a6 5. Bd3 Bc5 6. Nb3 Be7 7. O-O Nc6
8. Be3 Nf6 9. f4 Nb4 10. Nc3 Nxd3 11. cxd3 d6 12. h3 O-O 13. Qf3 Rb8 14.
Rac1 b5 15. Ne2 Bb7 16. Ned4 Qd7 17. Na5 Rfc8 18. Nxb7 Qxb7 19. g4 Nd7 20.
g5 Rxc1 21. Rxc1 Rc8 22. Rf1 Bd8 23. Qf2 1/2-1/2